000 00950cam a2200313L 4500
001 74882
005 20230410143536.0
008 091206s2001 enk 000 u eng d
029 1 _aDKDLA
_b33377513
029 1 _aDKDLA
_b36743102
029 1 _aDKDLA
_b15005780
035 _a(OCoLC)474125839
049 _aGRAL
050 1 4 _aT 26
_bB279p 2001
100 1 _aBarry, Andrew.
245 1 0 _aPolitical machines :
_bGoverning a technological society
_cAndrew Barry.
260 _aLondon :
_bAthlone Press,
_c2001.
300 _a305 p.
650 0 _aTechnology
_xEurope.
650 0 _aTechnology and state
_xEurope.
650 0 _aTechnology
_xSocial aspects
_xEurope.
650 4 _aTecnología
_xEuropa.
650 4 _aTecnología y estado
_xEuropa.
650 4 _aTecnología
_xAspectos Sociales
_xEuropa.
650 4 _aTechnology and state
_zEurope.
650 4 _aTechnology
_xSocial aspects
_zEurope.
942 _2lcc
_cbk
994 _aC0
_bDRFGD
999 _c103568
_d103568